000 00306nam a22001217a 4500
008 230620b xxu||||| |||| 00| 0 eng d
020 _a0198255969
082 _a320.4
_bBRA 1988
245 _aConstitutional Practice
260 _aUSA
_bOxford University Press
_c1988
300 _aXIX,283p
942 _2ddc
_cBK
999 _c1637
_d1637